| 000 | 00799nam a22002772 4500 | ||
|---|---|---|---|
| 999 |
_c9935 _d9935 |
||
| 001 | 9935 | ||
| 003 | BD - JhCC | ||
| 005 | 20180403134141.0 | ||
| 008 | 180403s1972 enkacd 001 0 eng d | ||
| 020 | _a035603982X | ||
| 035 |
_aOCLC ocm16252093 from D970826M _a(BD - JhCC)9935 |
||
| 040 |
_aUKM _cUKM _dEQO _dBD - JhCC |
||
| 041 | _aeng | ||
| 050 | 1 | _aTL793 | |
| 082 | 0 |
_a629.4 _218 _bGAT 1972 |
|
| 100 | 1 |
_aGatland, Kenneth William, _d1924- |
|
| 245 | 1 | 0 |
_aExploring space / _cKenneth W. Gatland. |
| 260 |
_aLondon : _bMacdonald and Co., _c1972. |
||
| 300 |
_a48 p. : _bill. (some col.), charts, ports. ; _c29 cm. |
||
| 490 | 1 | _a[Visual books] | |
| 500 | _aIncludes index. | ||
| 650 | 0 |
_aAstronautics _xJuvenile literature. |
|
| 830 | 0 | _aVisual books. | |
| 942 |
_2ddc _cREF |
||